Wybrane problemy ekonomiki przemyslu

Saved in:
Bibliographic Details
Format: Book
Language:Polish
Published: Wroclaw Akademia Ekon. im. Oskara Langego 1988
Edition:1. wyd.
Series:Prace naukowe Nr.410
Tags: Add Tag
No Tags, Be the first to tag this record!

MARC

LEADER 00000nam a2200000 4500
001 c037937
005 20260120103128.1
041 0 |a pol 
044 |a PL 
245 1 0 |a Wybrane problemy ekonomiki przemyslu 
250 |a 1. wyd. 
264 1 |a Wroclaw  |b Akademia Ekon. im. Oskara Langego  |c 1988 
300 |a 140 s. 
490 1 |a Prace naukowe  |v Nr.410 
830 0 |a Prace naukowe  |v Nr.410